000 00767nam a2200241 i 4500
001 93299
003 ES-MaACL
005 20250825062719.0
007 t|
008 050512s2002 sp ||||1| spa d
020 _a84-8432-353-6
080 _a929 Josemaría Escrivá de Balaguer, Santo
100 1 _aYnfante, Jesús.
_9117650
245 1 3 _aEl santo fundador del Opus Dei
_b: biografía completa de Josemaría Escrivá de Balaguer /
_cJesús Ynfante.
250 _a2ª ed.
260 _aBarcelona :
_bAres y Mares,
_c2002.
300 _a293 p. ;
_c23 cm.
600 0 4 _aJosemaría Escrivá de Balaguer,
_cSanto
_966981
655 0 _aBiografías
_9176647
852 _aES-MaACL
_jL-29072
_bR.135381
942 _2udc
999 _c93299
_d93299